| 000 | 00379nam a2200145Ia 4500 | ||
|---|---|---|---|
| 005 | 20240620004408.0 | ||
| 008 | 240331s9999 xx 000 0 und d | ||
| 082 |
_bGAN _a891.48 |
||
| 100 | _aGanesalingan, S | ||
| 245 | 0 |
_aKoodduku veliye _cS. Ganeshalingan |
|
| 260 |
_aChennai _bKumaran Publishers _c2002 |
||
| 300 | _a175 p ., | ||
| 500 | _aA social Novel in Tamil | ||
| 942 | _cL | ||
| 999 |
_c3927 _d3927 |
||